Statystyki dla Najbogatsi ludzie

Kliknij tutaj aby rozwiązać quiz!

Ogólne statystyki

  • Ten quiz został rozwiązany 143 razy
  • Średni wynik to 3 z 10

Statystyki odpowiedzi

#Wartość nettoOsoba% Poprawnych
3$107 miliardyBill Gates
96%
1$154 miliardyJeff Bezos
70%
6$67 miliardyMark Zuckerberg
35%
4$85 miliardyWarren Buffett
18%
5$68 miliardyAmancio Ortega
17%
8$61 miliardyCarlos Slim
13%
2$108 miliardyBernard Arnault
11%
9$60 miliardyMichael Bloomberg
8%
7$65 miliardyLarry Ellison
7%
10$58 miliardyMukesh Ambani
6%

Rozkład punktacji

Percentyl według liczby udzielonych odpowiedzi

Procent ludzi z każdym wynikiem

Twoja historia wyników

Nie rozwiązałeś tego quizu